Twisted Wonderland - Statistics

General Stats
  • This quiz has been taken 228 times
  • The average score is 25 of 27
Answer Stats
Hint Answer % Correct
Heartslabyul Ace Trappola
99%
Heartslabyul Deuce Spade
99%
Savanaclaw Leona KIngscholar
99%
Heartslabyul Riddle Rosehearts
99%
Octavinelle Azul Ashengrotto
98%
Heartslabyul Cater Diamond
97%
Heartslabyul Trey Clover
97%
Pomefiore Vil Schoenheit
97%
Octavinelle Floyd Leech
96%
Diasomnia Malleus Draconia
96%
Ignihyde Idia Shroud
95%
Octavinelle Jade Leech
95%
Scarabia Jamil Viper
95%
Diasomnia Lilia Vanrouge
95%
Savanaclaw Jack Howl
94%
Pomefiore Epel Felmier
93%
Scarabia Kalim Al-Asim
93%
Pomefiore Rook Hunt
93%
Savanaclaw Ruggie Bucchi
93%
Diasomnia Silver
93%
Ignihyde Ortho Shroud
92%
Diasomnia Sebek Zigvolt
91%
Staff Dire Crowley
89%
Staff Divus Crewel
85%
Staff Sam
82%
Staff Mozus Trein
81%
Staff Ashton Vargas
78%
No matching quizzes found
Score Distribution
Percent of People with Each Score
Percentile by Number Answered
Your Score History
You have not taken this quiz